Qüestiones (sic) críticas sobre varios puntos de historia económica, política y militar / (Record no. 40814)

MARC details
000 -LEADER
campo de control de longitud fija 01001nam a2200241 i 4500
001 - NÚMERO DE CONTROL
campo de control 40814
003 - IDENTIFICADOR DE NÚMERO DE CONTROL
campo de control ES-MaACL
005 - FECHA Y HORA DE LA ÚLTIMA TRANSACCIÓN
campo de control 20251011063059.0
007 - CAMPO FIJO DE DESCRIPCIÓN FÍSICA--INFORMACIÓN GENERAL
campo de control de longitud fija t|
008 - DATOS DE LONGITUD FIJA--INFORMACIÓN GENERAL
campo de control de longitud fija 030307s1807 sp |||| | spa d
100 1# - ENTRADA PRINCIPAL--NOMBRE DE PERSONA
Nombre de persona Capmany y de Montpalau, Antonio de,
Fechas asociadas al nombre 1742-1813
9 (RLIN) 34868
245 10 - MENCIÓN DEL TÍTULO
Título Qüestiones (sic) críticas sobre varios puntos de historia económica, política y militar /
Mención de responsabilidad, etc. su autor Antonio de Capmany y de Montpalau.
246 3# - FORMA VARIANTE DEL TITULO
Título propio/Titulo breve Cuestiones críticas sobre varios puntos de historia económica, política y militar
260 ## - PUBLICACIÓN, DISTRIBUCIÓN, ETC.
Lugar de publicación, distribución, etc. Madrid :
Nombre del editor, distribuidor, etc. [s.n.],
Fecha de publicación, distribución, etc. 1807 (
Fabricante Imp. Real)
300 ## - DESCRIPCIÓN FÍSICA
Extensión IV, 305 p. ;
Dimensiones 21 cm.
595 ## -
-- Disponible en formato digital.
650 #7 - PUNTO DE ACCESO ADICIONAL DE MATERIA--TÉRMINO DE MATERIA
Término de materia o nombre geográfico como elemento de entrada Historia económica
Fuente del encabezamiento o término embne
9 (RLIN) 13403
651 #4 - PUNTO DE ACCESO ADICIONAL DE MATERIA--NOMBRE GEOGRÁFICO
Nombre geográfico España-
Subdivisión general Situación económica-
Subdivisión de forma Historia.
9 (RLIN) 156949
651 #4 - PUNTO DE ACCESO ADICIONAL DE MATERIA--NOMBRE GEOGRÁFICO
Nombre geográfico España-
Subdivisión general Historia militar.
9 (RLIN) 144916
852 ## - LOCALIZACIÓN
Ubicación ES-MaACL
Número de control de estantería G-752
856 ## - LOCALIZACIÓN Y ACCESO ELECTRÓNICOS
Identificador Uniforme de Recursos <a href="http://bdh-rd.bne.es/viewer.vm?id=0000112790&page=1 ">http://bdh-rd.bne.es/viewer.vm?id=0000112790&page=1 </a>
Nota pública Biblioteca Digital Hispánica
Holdings
Estatus retirado Estado de pérdida Estado de daño No para préstamo Colección Biblioteca de origen Biblioteca actual Ubicación en estantería Fecha de adquisición Fuente de adquisición Total de préstamos Signatura topográfica completa Código de barras Visto por última vez Precio de reemplazo Tipo de ítem Koha
        Colección digital Biblioteca del Ateneo de Madrid Biblioteca del Ateneo de Madrid Depósito 2 17/01/2008     G-752 1042964 23/02/2023 23/02/2023 Libro impreso antiguo